Aspects of the social and political systems of Manusmriti (Record no. 357204)

000 -LEADER
fixed length control field 00381cam a22001217a 4500
008 - FIXED-LENGTH DATA ELEMENTS--GENERAL INFORMATION
fixed length control field 180718b1949 xxu||||| |||| 00| 0 eng d
082 ## - DEWEY DECIMAL CLASSIFICATION NUMBER
Classification number G93x54 M297/Ai98
100 ## - MAIN ENTRY--PERSONAL NAME
Personal name Aiyangar, K.V. Rangaswami
245 ## - TITLE STATEMENT
Title Aspects of the social and political systems of Manusmriti
Statement of responsibility, etc. by K.V. Rangaswami Aiyangar
260 ## - PUBLICATION, DISTRIBUTION, ETC.
Place of publication, distribution, etc. Lucknow
Name of publisher, distributor, etc. Lucknow Univ.
Date of publication, distribution, etc. 1949
300 ## - PHYSICAL DESCRIPTION
Extent 104p.
650 ## - SUBJECT ADDED ENTRY--TOPICAL TERM
Topical term or geographic name entry element Law, Hindu

No items available.

Powered by Koha